000 00479nam a22001457a 4500
999 _c528169
_d528169
082 _a624.1
100 _aKhan, Fahad
245 _aThe Size Effect Analysis of Steel Concrete Bond Strength /
_cFahad Khan
260 _aIslamabad:
_bNICE - NUST,
_c2017.
300 _a90 p. : ill. ;
_c30cm.
942 _2ddc
_cTHE
650 _aStructural Engineering - MS Thesis.
_917039
700 _aSup: Dr. Rao Arsalan Khushnood.
_919763